| 000 | 00000nas 2200000za 4500 |
| 001 | 9.854388 |
| 003 | CaOODSP |
| 005 | 20221107155042 |
| 007 | cr ||||||||||| |
| 008 | 180327d19501965oncar p o f0###b0fre|d |
| 040 | |aCaOODSP|bfre |
| 043 | |an-cn--- |
| 086 | 1 |aR1-92F-PDF |
| 110 | 1 |aCanada. |bCitoyenneté et immigration Canada. |
| 245 | 00|aRapport de la Division des affaires indiennes pour l'année financière terminée ... |h[ressource électronique] / |cMinistère de la citoyenneté et de l'immigration. |
| 260 | |aOttawa : |bL'imprimeur de la reine, Contrôleur de la papeterie, |c1951-[1966] |
| 310 | |aAnnuel |
| 362 | 1 |aParaît depuis 1951; ne paraît plus après 1965. |
| 500 | |aPubl. aussi en anglais sous le titre : Report of Indian Affairs Branch for the fiscal year ended ... |
| 500 | |aTitre de la couv. |
| 500 | |aTranscription des publications imprimées originales. |
| 692 | 07|2gccst|aAffaires autochtones |
| 710 | 1 |aCanada. |bDirection des affaires indiennes. |
| 775 | 08|tReport of Indian Affairs Branch for the fiscal year ended ... |w(CaOODSP)9.846394 |
| 785 | 00|tRapport annuel |w(CaOODSP)9.854394 |